LEADER 01474nam a2200289 u 4500 001 000000052929 003 CaOOAMICUS 005 20070226115513.0 008 001027s2000 it u000 u ita u 035 $a10859715 040 $aPUL$bita 041 0 $aita$aeng$afre 245 00$aPadre Pio da Pietrelcina [sic!] :$bla vita del frate delle stimmate attraverso gli autorevoli scritti di chi lo ha conosciuto e di chi gli è stato vicino /$cpadre Guglielmo Alimonti ... [et al.] ; [a cura di] Nicola Russo. 260 $aBenevento :$bEd. Sannio Sport,$c2000. 300 $a51 p. :$bill. ;$c25 cm 500 $a"Testi tradotti in inglese e francese". 600 04$aPius a Pietrelcina,$cs.,$d1887-1968.$0(OLS)http://pul/subject/34896 700 1 $aAlimonti, Guglielmo,$csac.$0(OLS)http://pul/name/37686 700 1 $aRusso, Nicola.$0(OLS)http://pul/name/37685 850 $aPUL 852 $aPUL$W1$xDP1 Religione 1$y20$m637 I 2$j69883$nBK-PRI$b $qStampati$B69883$CPULBib$Z2$F69883 $H $81 941 1 $a8 960 $aPio da Pietrelcina,$cs.$d1887-1968$934896 960 $aForgione, Francesco,$cO.F.M. Cap., s.,$d1887-1968$934896 961 $aINV: 83161 996 $6245$aPadre Pio da Pietrelcina [sic!] :$bla vita del frate delle stimmate attraverso gli autorevoli scritti di chi lo ha conosciuto e di chi gli è stato vicino$9(OLS)http://pul/title/70992 996 $6260$aBenevento :$bEd. Sannio Sport$9(OLS)http://pul/publisher/68431 LEADER 01278nam a2200313 a 4500 001 000000170190 003 CaOOAMICUS 005 20181029123609.0 008 181029s1998 enk u000 u eng r 020 $z0-14-043632-4* 032 $aLibriCat 040 $aPUL$bita 100 0 $aThomas Aquinas,$cs.,$dc. 1225-1274.$0(OLS)http://pul/name/3373 245 10$aSelected writings /$cThomas Aquinas ; edited and traslate with an introduction and notes by Ralph McInerny. 260 $aLondon :$bPenguin Books,$c1998. 300 $axxxviii, 841 p. ;$c20 cm. 490 1 $aPenguin classics 600 04$aThomas Aquinas,$cs.,$dc. 1225-1274.$0(OLS)http://pul/subject/448 700 1 $aMcInerny, Ralph $b1929-2010.$0(OLS)http://pul/name/38372 830 0$aPenguin classics.$0(OLS)http://pul/title/4365 850 $aPUL 852 $aPUL$W1$xDP1 Fondo Seidl$y56$m4 D 65$j176985$qFondi$B198437$CPULBib$Z2$F198437 $81 900 $aTommaso d'Aquino,$cs.,$dc.1225-1274$93373 941 1 $a1 960 $aTommaso d'Aquino,$cs.,$d1225-1274$9448 996 $6020$z0-14-043632-4*$9(OLS)http://pul/number/165087 996 $6245$aSelected writings$9(OLS)http://pul/title/210719 996 $6260$aLondon :$bPenguin Books$9(OLS)http://pul/publisher/65876